The government has today agreed to transfer land and property assets owned by Regional Development Agencies to the Homes and Communities Agency (Record no. 83259)

MARC details
000 -LEADER
fixed length control field 01054cad a22001935a 4500
001 - CONTROL NUMBER
control field L153310
008 - FIXED-LENGTH DATA ELEMENTS--GENERAL INFORMATION
fixed length control field 110708e2011 xxk 000 0 eng d
035 ## - SYSTEM CONTROL NUMBER
System control number (Sirsi) u153310
041 0# - LANGUAGE CODE
Language code of text/sound track or separate title eng
110 2# - MAIN ENTRY--CORPORATE NAME
Corporate name or jurisdiction name as entry element United Kingdom
Subordinate unit Department for Business, Innovation and Skills
9 (RLIN) 5760
245 04 - TITLE STATEMENT
Title The government has today agreed to transfer land and property assets owned by Regional Development Agencies to the Homes and Communities Agency
Medium [electronic resource]
260 ## - PUBLICATION, DISTRIBUTION, ETC.
Date of publication, distribution, etc. 2011
520 ## - SUMMARY, ETC.
Summary, etc. Homes and Communities Agency will own the assets and liabilities with local communities involved in decisions about future development plans to maximise the benefits to economic growth and regeneration in their areas. The transfer will take effect on 19 September 2011.
590 ## - LOCAL NOTE (RLIN)
Local note KA NTK
651 #4 - SUBJECT ADDED ENTRY--GEOGRAPHIC NAME
Geographic name England
Chronological subdivision 886-
690 ## - LOCAL SUBJECT ADDED ENTRY--TOPICAL TERM (OCLC, RLIN)
Topical term or geographic name as entry element ENVIRONMENTAL AND LAND CONSULTANCY-PLANNING AND DEVELOPMENT-STRATEGIC PLANNING
856 40 - ELECTRONIC LOCATION AND ACCESS
Uniform Resource Identifier <a href="https://nds.coi.gov.uk/content/Detail.aspx?ReleaseID=420270&NewsAreaID=2">https://nds.coi.gov.uk/content/Detail.aspx?ReleaseID=420270&NewsAreaID=2</a>
Public note View the item free of charge at coi.gov.uk
942 ## - ADDED ENTRY ELEMENTS (KOHA)
Suppress in OPAC 0
Holdings
Withdrawn status Lost status Source of classification or shelving scheme Damaged status Not for loan Home library Current library Shelving location Date acquired Total Checkouts Full call number Barcode Date last seen Copy number Price effective from Koha item type
    Dewey Decimal Classification     Virtual Virtual Online 08/07/2011   ONLINE PUBLICATION 153310-2001 06/08/2019 1 06/08/2019 Journal article